000
00292nam a2200121Ia 4500
005
20260328104250.0
008
260328s9999||||xx |||||||||||||| ||und||
100
_a
Routh, Alfred
245
4
_a
The New Architecture /
_c
Alfred Routh
260
_b
Girsberger
650
_a
HISTORIA
942
_c
BK
999
_c
10218
_d
10218